Champions du monde français * Plusieurs possibilités 1 - Statistiques

Statistiques générales
  • Ce quiz a été pris 46 fois
  • Le résultat moyen est 18 sur 70
Statistiques - réponses
Champion ou championne du monde de... Réponse (prénom et nom) % Correct
Athlétisme - Décathlon Kévin Mayer
80%
Biathlon - Poursuite Martin Fourcade | Emilien Jacquelin | Sandrine Bailly | Marie Dorin-Habert
73%
Biathlon - 10 km sprint hommes Patrice Bailly-Salins | Raphaël Poirée | Martin Fourcade
73%
Biathlon - 20 km hommes Raphaël Poirée | Martin Fourcade
73%
Biathlon - Mass Start Raphaël Poirée | Martin Fourcade | Marie Dorin-Habert
73%
Biathlon - Relais mixte Anaïs Bescond | Marie Dorin-Habert | Quentin Fillon-Maillet | Martin Fourcade | Marie-Laure Brunet | Sylvie Becaert | Vincent Defrasne | Simon Fourcade
71%
Football Bernard Lama | Farbien Barthez | Lionel Charbonnier | Vincent Gandela | Bixente Lizarazu | Laurent Blanc | Marcel Desailly | Lilian Thuram | Frank Leboeuf | Patrick Vieira | Youri Djorkaeff | Didier Deschamps | Zinédine Zidane | Robert Pirès | Bernard Diomède | Alain Boghossian | Emmanuel Petit | Christian Karembeu | Stéphane Guivarc'h | Thierry Henry | David Trezeguet | Christophe Dugarry | Hugo Lloris | Steve Mandanda | Alphonse Areola | Benjamin Pavard | Presne Kimpembe | Raphaël Varane | Samuel Umtiti | Adil Rami | Djibril Sidibé | Lucas Hernandez | Benjamin Mendy | Paul Pogba | Corentin Tolisso | N'Golo Kanté | Blaise Matuidi | Steven Nzonzi | Antoine Griezmann | Thomas Lemar | Kylian Mbappé | Olivier Giroud | Ousmane Dembélé | Nabil Fekir | Florian Thauvin
68%
Biathlon - Relais Gilles Marguet | Vincent Defrasne | Julien Robert | Raphaël Poirée | Emilien Jacquelin | Martin Fourcade | Simon Desthieux | Quentin Fillon-Maillet
68%
Athlétisme - Saut à la perche en salle Jean Galfione | Renaud Lavillenie
66%
Judo poids lourd hommes Teddy Riner
66%
Athlétisme - Triple saut Teddy Tamgho
66%
Judo par équipe hommes Dimitri Dragin | Ugo Legrand | Alain Schmitt | Romain Buffet | Teddy Riner | David Larose | Benjamin Darbelet | Axel Clerget | Anthony Laignes | Matthieu Bataille
63%
Athlétisme - 800 m Pierre-Ambroise Bosse
61%
Athlétisme - 400 m Marie-José Perec
59%
Canoë Slalom monoplace Pierre d'Alençon | Emmanuel Brugvin | Tony Estanguet | Fabien Lefèvre | Cédric Joly
59%
Athlétisme - 50 km marche Yohann Diniz
59%
Handball hommes Bruno Martini | Yohann Delattre | Pascal Mahé | Frédéric Volle | Denis Lathoud | Guéric Kervadec | Gaël Monthurel | Grégory Anquetil | Eric Quintin | Laurent Munier | Jackson Richardson | Stéphane Stoecklin | Thierry Omeyer | Jérôme Fernandez | Didier Dinart | Guillaume Gille | Bertrand Gille | Daniel Narcisse | Andrej Golic | Joël Abati | Patrick Cazal | Olivier Girault | Laurent Puységur | Stéphane Plantin | Christian Gaudin | Guillaume Joli | Daouda Karaboué | Nikola Karabatic | Christophe Kempé | Franck Junillon | Luc Abalo | Cédric Sorhaindo | Michaël Guigou | Sébastien Bosquet | Sébastien Ostertag | Xavier Barachet | Samuel Honrubia | William Accambray | Bertrand Roiné | Arnaud Bingo | Cyril Dumoulin | Ignor Anic | Kevynn Nyokas | Kentin Mahé | Luka Karabatic | Valentin Porte | Mathieu Grabille | Adrien Dipanda | Ludovic Fabregas | Dika Mem | Timothey N'Guessan | Olivier Nyokas | Nedim Remili
56%
Athlétisme - Triple saut en salle Pierre Camara | Teddy Tamgho
56%
Athlétisme - 400 m haies Stéphane Diagana
56%
Biathlon - 15 km femmes Corinne Niogret | Emmanuelle Claret | Marie Dorin-Habert
49%
Biathlon - 7.5 km sprint femmes Anne Briand | Sylvie Becaert | Marie Dorin-Habert
46%
Athlétisme - 110 m haies Ladji Doucouré
41%
Judo par équipe femmes Priscilla Gneto | Antomne Pavia | Clarisse Agbegnenou | Margaux Pinot | Audrey Tcheuméo | Gévrise Emane | Lucie Décosse | Kelly Mathé | Pénélope Bonna | Sarah Loko | Marie Pasquet | Anne-Sophie Mondière
41%
Handball femmes Joanne Dudziak | Valérie Nicolas | Isabelle Cendier | Estelle Vogein | Leila Lejeune | Sandrine Delerce | Mélinda Jacques-Szabo | Nodjialem Myaro | Véronique Pecqueux-Rolland | Sophie Herbrecht | Stéphanie Cano | Isabelle Wending | Myriam Borg-Korfanty [ Valérie Nicolas | Raphaëlle Tervel | Amandine Leynaud | Cléopâtre Darleux | Blandine Dancette | Camille Ayglon | Allison Pineau | Laurisa Landre | Grâce Zaadi | Manon Houette | Kalidiatou Niakaté | Siraba Dembélé | Laura Flippes | Orlane Kanor | Béatrice Edwige | Estelle Nize Minko | Gnonsiane Niombla | Alexandra Lacrabère
39%
Athlétisme - 4 x 100 m Christine Arron | Sylviane Félix | Muriel Hurtis | Patricia Girard | Ladji Doucouré | Ronald Pognon | Eddy De Lépine | Lueyi Dovy
34%
Athlétisme - Heptathlon Eunice Barber
29%
Athlétisme - Saut en longueur Eunice Barber
29%
Athlétisme - 4 x 400 m Leslie Djhone | Stéphane Diagana | Naman Keïta | Marc Raquil
29%
Athlétisme - Heptathlon en salle Christian Plaziat | Kevin Mayer
20%
Biathlon - Relais mixte simple Antonin Guigonnat | Julia Simon
17%
Judo open class Céline Lebrun | David Douillet
12%
Canoë Slalom biplace Michel Duboille | Jacques Rousseau | Claude Neveu | Roger Paris | Jean-Claude Olry - Jean-Louis Olry | Pierre Calori | Jacques Calori | Frank Adisson | Wilfrid Forgues | Fabien Lefèvre | Denis Gargaud-Chanut | Mathieu Peche | Gauthier Klauss
12%
Judo poids moyen femmes Marie-Eve Gahié | Gévrise Emane | Lucie Décosse
10%
Biathlon - Par équipe Nathalie Beausire | Delphyne Burlet | Anne Briand | Corinne Niogret
10%
Judo poids mi-moyen femmes Séverine Vandenhende | Catherine Fleury-Vachon | Clarisse Adbegnenou | Gévrise Emane | Lucie Décosse
10%
Athlétisme - 200 m en salle Muriel Hurtis
7%
Kayak Slalom monoplace Myriam Jerulsami | Brigitte Guibal | Fabien Lefèvre | Sébastien Combot | Emilie Fer | Boris Neveu
7%
Kayak Eaux plates 200 m biplace hommes Arnaud Hybois | Sébastien Jouve | Philippe Collin | Cyrille Carré | Etienne Hubert
5%
Judo poids lourd hommes Christine Cicot | Romane Dicko
5%
Kayak Slalom par équipe Claude Peschier | Patrick Maccari | Alain Colombe | Bernard Renault | Jean-Yves Prigent | Christian Frossard | Myriam Jerusalmi | Marie-Françoise Grange-Prigent | Sylvie Lepeltier | Anne Boixel | Jean-Michel Regnier | Gilles Clouzeau | Manuel Brissaud | Isabelle Deores | Boris Neveu | Sébastien Combot | Mathieu Biazizzo | Carole Bouzidi | Nouria Newman | Emilie Fer | Luce Baudu | Marie-Zelia Lafont | Camille Prigent | Benjamin Renia
5%
Athlétisme - 1500 m en salle Driss Maazouzi
5%
Athlétisme - Saut en longueur en salle Eloyse Lesueur
5%
Trampoline par équipes Fabrice Hennique | Guillaume Bourgeon | David Martin | Emmanuel Durand | Gilles Sogny | Daniel Cola | Laurent Mainfray | Lionel Pioline
5%
Aviron - Tous bateaux Jérémie Azou | Jean-Christophe Bette | Dorian Mortelette | Fabien Tilliet | Stany Delayre | Jean-Christophe Rolland | Laurent Porchier | Christophe Lattaignant | Pierre Houin | Germain Chardin | Augustin Mouterde | Thierry Renault | Laura Tarantola | Jean-Baptiste Macquet | Hugo Boucheron | Xavier Dorfman | Laurent Cadot | Michel Andrieux | Daniel Fauche | Damien Piqueras | Adrien Hardy | Yves Hocde | Matthieu Androdias | Guylaine Marchand | Christine Gosse | Julien Despres | Luc Crispon | Hélène Cortin | Gilles Bosquet | Maxime Demontfaucon | Francis Pellegri | André Picard | Pascal Touron | Jérémy Pouge | Sébastien Vieilledent | André Coupat | Samuel Barathay | Luc Prevot | Michel Picard | Alexis Saitta | Nicolas Planque | François Teroin | Lionel Jacquiot | Nicolas Majerus | Morgan Maunoir | Yves Lamarque | Franck Bussière | Erwan Peron | Yannick Schulte | Bernard Roche | Julien Valla | Damien Margat | Bernard Monnereau | Alexis Guerinot | Philippe Lot | Vincent Malizewski | René Duhamel | Antoine Beghin | Vincent Faucheux | Laurent Beghin | Elur Alberdi | Nicolas Podpovitny | Christophe Tellier | Vincent Gazan | Audrey Galy | Jonathan Mathis | Celia Foulon | Vincent Millot | Vincent Montabonel | Vincent Durupt
5%
Trampoline homme Lionel Pioline | Richard Tison
5%
Canoë Slalom biplace par équipe Pierre Labarelle | Nicolas Peschier | Gauthier Klauss | Matthieu Peche | Pierre Picco | Hugo Biso | Yves Prigent | Loïc Kervella | Nicolas Scianimanico | Hugo Caihol
5%
Gymnastique artistique - Saut de cheval hommes Thomas Bouhail
5%
Judo poids léger femmes Catherine Arnaud | Morgane Ribout
2%
Judo poids super léger femmes Cécile Nowak
2%
Trampoline Tumbling par équipe Cendy Brière-Vetillard | Emilile Wambote | Maëlle Dimitru-Marin | Lucie Tumoine - Marlène Bayet - Mélanie Avisse | Karine Boucher | Chrystel Robert | Christelle Giroud | Corinne Robert | Marie Guinet | Pascal Eouzan | Didier Semmola | Philippe Chapus | Christophe Lambert
2%
Trampoline Tumbling Chrystel Robert - Patrice Eouzan
2%
Trampoline synchronisé David Martin | Emmanuel Duraud
2%
Equitation - Saut d'obstacles individuel Eric Navet
2%
Equitation - Saut d'obstacles par équipé Eric Navet | Hubert Bourdy | Roger-Yves Bost | Pierre Durand | Eric Levallois | Gilles Bertran de Balanda | Reynald Angot
2%
Judo poids moyen hommes Fabien Canu | Bernard Choullouyan | Frédéric Demontfaucon
2%
Gymnastique artistique - Cheval d'arçon Georges Dejaeghere | Joseph Lux
2%
Equitation - Concours complet individuel Jean Teulere
2%
Gymnastique artistique - Concours général par équipe hommes Joseph Castiglioni | Auguste Castille | Armand Coidelle | Joseph Martinez | Louis Ségura | Marco Torres | Georges Dejaeghere | Lucien Démanet | Marcel Lalu | Daniel Lavielle | Pierre Payssé | Joseph Bollet | Georges Charmoille | Jules Lecoutre | Joseph Lux | Allègre | Daube
2%
Gymnastique artistique - Barres parralèles Joseph Martinez | Joseph Lux | Marcel Lalu
2%
Gymnastique artistique - Anneaux Laurent Grech | Marco Torres | Joseph Martinez
2%
Judo poids mi-moyen hommes Loïc Pietri
2%
Canoë Slalom monoplace par équipes Marcel Renault | Paul Huguet | Jan Brzak | Martin Thomas | Denis Gargaud-Chanut | Nicolas Gestini
2%
Gymnastique artistique - Barre fixe Marco Torres | Joseph Martinez | Georges Charmoille | Marcel Lalu
2%
Gymnastique artistique - Concours général individuel hommes Marco Torres | Marcel Lalu | Joseph Martinez
2%
Canoë Slalom biplace mixte Margaux Henry | Yves Prigent
2%
Athlétisme - 3000 m en salle Marie-Pierre Duros
2%
Equitation - Voltige individuelle Matthias Lang | Jacques Ferrari | Lambert Leclezio
2%
Equitation - Endurance par équipé Stéphane Fleury | Martine Jollivet | Jacques David | Bénédicte Alger | Emmanuelle Bellefroid | Jean-Philippe Frances | Sunny Demedy | Maya Killa Perringerard | Philippe Benoit | Virginie Alger | Pascale Dietsch
2%
Judo poids mi-lourd hommes Stéphane Traineau
2%
Judo poids super léger hommes Thierry Rey
2%
Aucun quiz correspondant
Distribution des résultats
% des personnes avec chaque résultat
Percentile par nombre de réponses
Votre historique - résultats
Vous n’avez pas pris ce quiz